Cómo hacer coaching : (Registro nro. 6450)

Detalles MARC
000 -LEADER
fixed length control field 01885nam a22003377a 4500
003 - CONTROL NUMBER IDENTIFIER
control field OSt
005 - DATE AND TIME OF LATEST TRANSACTION
control field 20200220142602.0
008 - FIXED-LENGTH DATA ELEMENTS--GENERAL INFORMATION
fixed length control field 200207s2009 cl o|||fr|||| 00| 0 spa d
020 ## - INTERNATIONAL STANDARD BOOK NUMBER
International Standard Book Number 9789568827052
040 ## - CATALOGING SOURCE
Original cataloging agency CO-JMCR
Transcribing agency CO-JMCR
041 1# - LANGUAGE CODE
Language code of text/sound track or separate title spa
Language code of original eng
082 04 - DEWEY DECIMAL CLASSIFICATION NUMBER
Classification number 658.3124 /
Item number M459c
Edition number 20
100 1# - MAIN ENTRY--PERSONAL NAME
Personal name McManus, Patty,
Relator term autora
9 (RLIN) 255
245 10 - TITLE STATEMENT
Title Cómo hacer coaching :
Remainder of title soluciones prácticas para los desafíos del día a día /
Statement of responsibility, etc. Patty McManus
250 ## - EDITION STATEMENT
Edition statement 1a. edición
260 ## - PUBLICATION, DISTRIBUTION, ETC.
Place of publication, distribution, etc. Santiago de Chile :
Name of publisher, distributor, etc. Harvard Business Press,
Date of publication, distribution, etc. 2009
300 ## - PHYSICAL DESCRIPTION
Extent x, 69 páginas :
Other physical details fotografías a blanco y negro ;
Dimensions 18 cm.
490 0# - SERIES STATEMENT
Series statement Serie Pocket Mentor
500 ## - GENERAL NOTE
General note Incluye datos biográficos de la autora en tapa posterior.
500 ## - GENERAL NOTE
General note "Motive a los empleados, escuche activamente, clarifique roles y adapte su estilo"--Tapa
500 ## - GENERAL NOTE
General note Título original: Coaching people
504 ## - BIBLIOGRAPHY, ETC. NOTE
Bibliography, etc. note Bibliografía: página 69
505 0# - FORMATTED CONTENTS NOTE
Formatted contents note Coaching: lo básico -- ¿Qué es el coaching? -- Cómo saber cuándo hacer coaching -- Cómo desarrollar destrezas del coaching -- Cómo gestionar una sesión de coaching -- Cómo personalizar su coaching -- Consejos y herramientas -- Herramientas de cómo hacer coaching
520 0# - SUMMARY, ETC.
Summary, etc. ¿Cómo puede mejorar las relaciones con sus subordinados directos, desarrollar dinámicas de equipo eficaces, e incluso usar recursos de manera más eficiente? Aprenda cómo hacer coaching estratégicamente. En este libro usted encontrará una enorme cantidad de herramientas que le permitirán: decidir cuándo brindar coaching, conducir sesiones de coaching con un objetivo y personalizar su estilo de coaching.
546 ## - LANGUAGE NOTE
Language note Traducido de inglés
650 14 - SUBJECT ADDED ENTRY--TOPICAL TERM
Topical term or geographic name entry element Coaching
9 (RLIN) 256
650 14 - SUBJECT ADDED ENTRY--TOPICAL TERM
Topical term or geographic name entry element Metodología
General subdivision coaching
9 (RLIN) 257
650 14 - SUBJECT ADDED ENTRY--TOPICAL TERM
Topical term or geographic name entry element Entrenamiento de personal
General subdivision coaching
9 (RLIN) 258
650 14 - SUBJECT ADDED ENTRY--TOPICAL TERM
Topical term or geographic name entry element Manejo de personal
General subdivision coaching
9 (RLIN) 259
942 ## - ADDED ENTRY ELEMENTS (KOHA)
Source of classification or shelving scheme Dewey Decimal Classification
Koha item type Books
Existencias
Withdrawn status Lost status Source of classification or shelving scheme Damaged status Not for loan Collection code Home library Current library Shelving location Date acquired Source of acquisition Cost, normal purchase price Total Checkouts Full call number Barcode Date last seen Copy number Price effective from Koha item type
    Dewey Decimal Classification     Non-fiction Biblioteca Pública José María del Castillo y Rada Biblioteca Pública José María del Castillo y Rada Processing Center 12/26/2019 Donación 0.00   658.3124 / M459c 201809770 05/16/2024 Ej.1 02/07/2020 Books